=LDR 00000nam 2200000 4500 =001 INLIS000000000022403 =005 20130612121149 =008 ***********************************Ind** =035 ##$$0010-061300000022403 =041 ##$$a Ind =082 ##$$a 400.72 =090 ##$$a 400.72, Mah m =100 ##$$a Mahsun =245 ##$$a Metode penelitian bahasa, Mahsun =260 ##$$a 2005 $b Jakarta =300 ##$$a cm; 376 hlm, 21 =650 ##$$a Bahasa =850 ##$$a NBPNMAT